000
00317nam a22001337a 4500
020
_a
978-3662520987
041
_a
ENG
100
_a
Filho.W.L
245
_a
Climate Change And The Sustainable Use Of Water Resources
260
_a
Delhi
_b
Springer
_c
2011
300
_a
823
650
_a
SWCE
856
_u
SWCE ( 43 )
999
_c
1930
_d
1930